000 00741nam a2200217Ii 4500
003 JO-AjNU
008 230605s9999||||xx |||||||||||||| ||und||
017 _a86/3939
020 _a977-10-0227
040 _aJO-AjNU
_bara
_erda
_cJO-AjNU
041 _aara
050 1 4 _aZ696
100 3 _aاعداد السيد، احمد البدوي ابو زيد,
_eauthor
_939351
245 0 0 _aموجزالكشاف الهجائي النسبي نظام ديوي العشري
264 3 1 _aالقاهرة : دار الفكر العربي ،1900Z
300 _a216ص
336 _atext
_btxt
_2rdacontent
337 _aunmediated
_bn
_2rdamedia
338 _avolume
_bnc
_2rdacarrier
650 4 _aتصنيف ديوي العشري-كشافات
_939352
999 _aA16612
_c20180
_d20180